AH International Schools' Libraries

(Khmer) things children need to know about Cambodia / (Record no. 49938)

MARC details
000 -LEADER
fixed length control field 00287nam a2200109 4500
020 ## - INTERNATIONAL STANDARD BOOK NUMBER
International Standard Book Number 9789924579397
245 ## - TITLE STATEMENT
Title (Khmer) things children need to know about Cambodia /
Statement of responsibility, etc Chhen Phetra.
250 ## - EDITION STATEMENT
Edition statement 2nd.
260 ## - PUBLICATION, DISTRIBUTION, ETC. (IMPRINT)
Place of publication, distribution, etc Cambodia:
Name of publisher, distributor, etc Heart Kids;
Date of publication, distribution, etc 2025.
300 ## - PHYSICAL DESCRIPTION
Extent 183 p.
942 ## - ADDED ENTRY ELEMENTS (KOHA)
Source of classification or shelving scheme
Koha item type Book
Holdings
Withdrawn status Lost status Source of classification or shelving scheme Damaged status Not for loan Collection code Home library Current library Date acquired Total Checkouts Full call number Barcode Date last seen Date checked out Price effective from Koha item type
          Siem Riep Asian Hope Siem Reap Asian Hope Siem Reap 12/10/2025 1 KHMER 959.6 CHH 209683 04/09/2026 04/02/2026 12/10/2025 Book

For any Logos Library related questions please contact Miss Art at swongnarasuk@asianhope.org.

For any Asian Hope Library related questions please contact Miss Raza at graza@asianhope.org.

Click here to explore our ebooks!

Powered by Koha